01392 2200205 4500001002100000005001500021035002000036008004100056245004200097100002100139250000600160260003800166300001200204084001400216082000800230650001000238520091400248990001201162990001201174INLIS00000000000094320240531091357 a0010-0524000178240531 1 ind 1 aBeautiful Exchange /cRonaldo Tengker aTengker, Ronaldo a1 aYogyakarta :bSheila/ Andi,c2014 a168 hlm a813 RON b a813 4aFiksi aSaat aku menyanyi, entah kenapa jiwa ini terasa bergetar dan tiba tiba saja air mataku perlahan keluar, menetes membasahi pipi. Pa, kenapa Papa nangis? anakku memperhatikanku. Cepat-cepat aku menghapus air mataku, lalu tersenyum. Nggak apa-apa Nak, Papa cuma teringat akan suatu hal yang dulu pernah Papa alami. Lagu ini mengingatkan Papa pada Om Yeremia, kembaran Papa yang telah rela berkorban untuk Papa. Papa sangat sayang sama dia dan dia mau menggantikan Papa sebagai seorang penjahat. Semua berawal dari cerita itu, pengalaman Papa yang pahit, namun kini berkat Anugerah Tuhan, semua menjadi indah pada waktuNya! Aku memandang wajah polos Matius yang sedang mengernyitkan dahi. Berkisah tentang sebuah perjalanan saudara kembar yang akan membuktikan kekuatan kasih. Memandang jauh di lubuk hati dan mau menerima apa adanya adalah arti kasih yang sesungguhnya. Yuk ikuti ceritanya dalam novel ini! a0741640 a0741641